230 ezer muskátli, begónia, kála, 100 ezer nefelejcs, árvácska, 5 hold tulipán, rózsa
Elmentve itt :
| Dokumentumtípus: | Cikk |
|---|---|
| Megjelent: |
1957-12-25
|
| Sorozat: | Délmagyarország
|
| Kulcsszavak: | Parkosítás Szeged 1957 |
| Online Access: | http://dmarchiv.bibl.u-szeged.hu/53569 |
| LEADER | 00460nab a2200145 i 4500 | ||
|---|---|---|---|
| 001 | delm53569 | ||
| 005 | 20180927141921.0 | ||
| 008 | 180927s1957 hu o 0|| hun d | ||
| 040 | |a SZTE Délmagyarország Archívum |b hun | ||
| 041 | |a hun | ||
| 245 | 0 | 0 | |a 230 ezer muskátli, begónia, kála, 100 ezer nefelejcs, árvácska, 5 hold tulipán, rózsa |h [elektronikus dokumentum] |
| 260 | |c 1957-12-25 | ||
| 300 | |a 5 | ||
| 490 | 0 | |a Délmagyarország | |
| 695 | |a Parkosítás Szeged 1957 | ||